000 01290cam a22003374a 4500
999 _c50449
_d50449
001 11820604
005 20200220164908.0
008 991026s2000 mtua b 001 0 eng
010 _a 99068343
020 _a1892784076 (pbk. : alk. paper)
040 _aDLC
_beng
_cDLC
_dDLC
041 _aeng
042 _apcc
043 _an-us---
050 0 0 _aQK99.U6
_bE46 2000
080 _a581.023 E- 46
082 0 0 _a581.6/34/0973
_221
100 1 _aElpel, Thomas J.
_97288
245 1 0 _aBotany in a day :
_bThomas J. Elpel's herbal field guide to plant families /
_c[Thomas J. Elpel].
250 _a4th ed., rev. and expanded
264 _aPony, Mont. :
_bHOPS Press,
_c2000.
300 _a196 p. :
_bill. ;
_c28 cm.
504 _aIncludes bibliographical references (p. 187-189).
650 0 _aMedicinal plants
_zUnited States
_vIdentification.
_97289
650 0 _aBotany
_zUnited States.
_97290
653 _aბოტანიკა
653 _aმცენარეთა იდენტიფიკაციის ნიმუშების მეთოდი
906 _a7
_bcbc
_corignew
_d2
_eepcn
_f19
_gy-gencatlg
942 _2udc
_cBK
955 _apn10 10-26-99; to ASCD pv10 08-07-00; jb00 08-09-00; jb12 09-28-00; jb09 10-04-00; jb20 to dewey 10-16-00;aa03 10-25-00